Zwycięzcy piłkarskich Mistrzostw Świata - Statystyki

Ogólne statystyki
  • Ten quiz został rozwiązany 2 960 razy
  • Średni wynik to 11 z 20
Statystyki odpowiedzi
Rok Zwycięzca % Poprawnych
1930 Urugwaj
94%
2014 Niemcy
70%
1934 Włochy
69%
2010 Hiszpania
66%
2002 Brazylia
61%
2006 Włochy
60%
1958 Brazylia
57%
1998 Francja
57%
1938 Włochy
56%
1962 Brazylia
55%
1950 Urugwaj
54%
1970 Brazylia
51%
1966 Anglia
48%
1994 Brazylia
48%
1954 Niemcy
48%
1974 Niemcy
47%
1978 Argentyna
43%
1986 Argentyna
43%
1990 Niemcy
41%
1982 Włochy
38%
Nie znaleziono quizów pasujących do podanych kryteriów
Rozkład punktacji
Procent ludzi z każdym wynikiem
Percentyl według liczby udzielonych odpowiedzi
Twoja historia wyników
Nie rozwiązałeś tego quizu